000 00632nam a2200181 a 4500
008 120201s2010 ||||||||||||||||| || u
020 _a9780495560050
050 _aQC 23 Kir
100 _aFrancis, Gregory E
245 1 0 _aPhysics: a conceptual world view. (7th ed.)
250 _a7th ed.
260 _aBelmont, California:
_bBrooks/Cole
_c2010
300 _axxiv, 662p.: ill.
350 _a0.00
650 _aPHYSICS--TEXTBOOKS
700 _aKirkpatrick, Larry D
995 _FCBU-MAIN LIBRARY (Kitwe)
_I0.00
_M1
_UAVAILABLE
_WJun 20, 2012
_ZMain Library Open Access Collection
999 _c53593
_d53593